Women in Tanzania (Record no. 3126)

MARC details
000 -LEADER
fixed length control field 01070cam a2200325 a 4500
001 - CONTROL NUMBER
control field 198943
003 - CONTROL NUMBER IDENTIFIER
control field OSt
005 - DATE AND TIME OF LATEST TRANSACTION
control field 20240524113550.0
008 - FIXED-LENGTH DATA ELEMENTS--GENERAL INFORMATION
fixed length control field 981210s1997 tz ab b 000 0 eng
010 ## - LIBRARY OF CONGRESS CONTROL NUMBER
LC control number 98982626
020 ## - INTERNATIONAL STANDARD BOOK NUMBER
International Standard Book Number 0797417591
040 ## - CATALOGING SOURCE
Original cataloging agency DLC
Transcribing agency DLC
Modifying agency DLC
042 ## - AUTHENTICATION CODE
Authentication code lcode
043 ## - GEOGRAPHIC AREA CODE
Geographic area code f-tz---
050 00 - LIBRARY OF CONGRESS CALL NUMBER
Classification number HQ1798.5
Item number .M85 1997
082 00 - DEWEY DECIMAL CLASSIFICATION NUMBER
Classification number 305.4 MUK 1997
Edition number 21
100 1# - MAIN ENTRY--PERSONAL NAME
Personal name Mukangara, Fenella; Koda, Bertha.
9 (RLIN) 6885
245 10 - TITLE STATEMENT
Title Women in Tanzania
260 ## - PUBLICATION, DISTRIBUTION, ETC. (IMPRINT)
Place of publication, distribution, etc. Dar es Salaam;
Name of publisher, distributor, etc. SARDC
Date of publication, distribution, etc. 1997.
300 ## - PHYSICAL DESCRIPTION
Extent 92 p. :
Other physical details ill. (some col.), col. maps ;
Dimensions 26 cm.
440 #0 - SERIES STATEMENT/ADDED ENTRY--TITLE
Title Beyond inequalities
9 (RLIN) 6942
500 ## - GENERAL NOTE
General note "Forthcoming in Swahili"--T.p. verso.
500 ## - GENERAL NOTE
General note "A profile of women in Tanzania"--P. facing t.p. verso.
504 ## - BIBLIOGRAPHY, ETC. NOTE
Bibliography, etc Includes bibliographical references (p. 81-86).
650 #0 - SUBJECT ADDED ENTRY--TOPICAL TERM
Topical term or geographic name as entry element Women
9 (RLIN) 6943
650 #0 - SUBJECT ADDED ENTRY--TOPICAL TERM
Topical term or geographic name as entry element Gender studies
9 (RLIN) 6944
906 ## - LOCAL DATA ELEMENT F, LDF (RLIN)
a 7
b cbc
c origode
d 3
e ncip
f 19
g y-gencatlg
942 ## - ADDED ENTRY ELEMENTS (KOHA)
Source of classification or shelving scheme Dewey Decimal Classification
Koha item type Short Loan
Holdings
Withdrawn status Lost status Source of classification or shelving scheme Damaged status Not for loan Home library Current library Date acquired Source of acquisition Inventory number Total Checkouts Full call number Barcode Date last seen Koha item type
    Dewey Decimal Classification     MUST Main Library MUST Main Library 01/03/2016 Purchase 98/12057   305.4 MUK 1997 2016-0286 01/03/2016 Open Shelf
    Dewey Decimal Classification     MUST Main Library MUST Main Library 01/03/2016 Purchase 98/12056   305.4 MUK 1997 2016-0287 01/03/2016 Open Shelf